| 000 | 00594nam a22001937a 4500 | ||
|---|---|---|---|
| 003 | CEME | ||
| 005 | 20210628203018.0 | ||
| 008 | 210119b xxu||||| |||| 00| 0 eng d | ||
| 020 | _a0-471-38669-3 | ||
| 040 | _c. | ||
| 082 | _a510.2462 KRE | ||
| 100 |
_aKreyszig, Erwin, Norminton, E.J _962856 |
||
| 245 | _aMathematica computer guide a self contained introduction, for advanced engineering mathematics | ||
| 250 | _a8TH | ||
| 260 |
_aNEW YORK _bJOHN WILEY _c2002 |
||
| 300 | _aIX,376 P | ||
| 650 |
_aADVANCED ENGINEERING MATHEMATICS.MATHEMATICA COMPUTER GUIDE _962857 |
||
| 942 |
_cBK _2ddc |
||
| 999 |
_c571824 _d571824 |
||